000 00549nam a22001697a 4500
003 OSt
005 20250624144625.0
008 250624b |||||||| |||| 00| 0 eng d
040 _cAIMIT LIBRARY
100 _aSheik, Samiha.
_e221810
_9215918
245 _aRat development AL tissue expression profiles /
_cBy Samiha Sheik.
260 _aMangalore.
_c2024
700 _aV, Hemalatha.
_eMentor
_9215919
700 _aAcharya, Kshitish
_eGuide
_9215920
856 _3Shodhaka Life Science Pvt Ltd, Bengaluru
_uhttp://www.shodhaka.net
942 _2ddc
_cPRO
999 _c234523
_d234523